| 000 | 00796nam a22002417a 4500 | ||
|---|---|---|---|
| 005 | 20170412113106.0 | ||
| 010 | _aBAC-EN21 ENG-111649 | ||
| 020 |
_a9789380005560 _c295.00 |
||
| 035 | _aEN-95181 | ||
| 035 | _aB-579230-257 | ||
| 035 | _aB-667504 | ||
| 037 |
_bKBD/Ven _adpl |
||
| 037 | _bDBAD/PUB | ||
| 082 | _aS | ||
| 100 | _aHenry, O. | ||
| 245 |
_aSelected short stories / _cby O. Henry |
||
| 260 |
_aNoida _bMaple Press _c2014(repr.) |
||
| 270 |
_aA-63, Sector-58, _bNoida _e201301 |
||
| 300 |
_a620p. _c22cm(pbk) |
||
| 942 |
_2ddc _cEN _mHEN _hS |
||
| 999 |
_c89478 _d89478 |
||